LIBRARY & INFORMATION CENTRE, KCAET, TAVANUR

ONLINE PUBLIC ACCESS CATALOGUE (OPAC)

Executive ability / (Record no. 1535)

MARC details
000 -LEADER
fixed length control field 00424cam a2200169ua 4500
041 ## - LANGUAGE CODE
Language code of text/sound track or separate title eng
082 ## - DEWEY DECIMAL CLASSIFICATION NUMBER
Classification number 658.4
Item number CLE/EX
100 ## - MAIN ENTRY--AUTHOR NAME
Personal name Cleeton, Glen U .
245 ## - TITLE STATEMENT
Title Executive ability /
250 ## - EDITION STATEMENT
Edition statement 1 /
260 ## - PUBLICATION, DISTRIBUTION, ETC. (IMPRINT)
Place of publication Ohio :
Name of publisher The Autioch Press Publishers ,
Year of publication 1948.
300 ## - PHYSICAL DESCRIPTION
Number of Pages 540 ; .
700 1# - ADDED ENTRY--PERSONAL NAME
Personal name Mason, Charles W .
942 ## - ADDED ENTRY ELEMENTS (KOHA)
Koha item type Books
Holdings
Withdrawn status Lost status Damaged status Home library Current library Date acquired Full call number Accession Number Koha item type
      KAUAET KAUAET 07/04/2012 658.4 CLE/EX 710 Books
free website counter